UBT Library

In the middle / (Record no. 44062)

000 -LEADER
fixed length control field 00834cam a2200277 a 4500
001 - CONTROL NUMBER
control field 4923604
005 - DATE AND TIME OF LATEST TRANSACTION
control field 20180302081127.0
008 - FIXED-LENGTH DATA ELEMENTS--GENERAL INFORMATION
fixed length control field 950111m19959999njuab 000 0 eng
010 ## - LIBRARY OF CONGRESS CONTROL NUMBER
LC control number 95005232
020 ## - INTERNATIONAL STANDARD BOOK NUMBER
International Standard Book Number 0134543807 (bk. 1 : case)
020 ## - INTERNATIONAL STANDARD BOOK NUMBER
International Standard Book Number 013454224X (bk. 1)
020 ## - INTERNATIONAL STANDARD BOOK NUMBER
International Standard Book Number 0132138026 (bk. 2 : case)
020 ## - INTERNATIONAL STANDARD BOOK NUMBER
International Standard Book Number 0134542657 (bk. 2 : paper)
020 ## - INTERNATIONAL STANDARD BOOK NUMBER
International Standard Book Number 0134543076 (bk. 3)
040 ## - CATALOGING SOURCE
Original cataloging agency DLC
Transcribing agency DLC
Modifying agency DLC
041 ## - LANGUAGE CODE
Language code of text/sound track or separate title eng
042 ## - AUTHENTICATION CODE
Authentication code lcac
080 ## - UNIVERSAL DECIMAL CLASSIFICATION NUMBER
Universal Decimal Classification number 428.24 BYE
082 00 - DEWEY DECIMAL CLASSIFICATION NUMBER
Classification number 428.24 BYE
Edition number 20
100 1# - Rafti
Rafti 25
101 ## - Shkurtesa
Shkurtesa EDU
245 10 - TITLE STATEMENT
Title In the middle /
Statement of responsibility, etc Thomas J. Bye.
906 ## - LOCAL DATA ELEMENT F, LDF (RLIN)
a 7
b cbc
c orignew
d 1
e ocip
f 19
g y-gencatlg
942 ## - ADDED ENTRY ELEMENTS (KOHA)
Source of classification or shelving scheme
Item type Books
Holdings
Withdrawn status Lost status Source of classification or shelving scheme Damaged status Not for loan Collection code Permanent location Current location Shelving location Date acquired Total Checkouts Full call number Barcode Date last seen Price effective from Koha item type
          Koleksioni i përgjithshem UBT - Lipjan UBT - Lipjan Koleksioni i përgjithshem 03/02/2018   428.24 BYE 002-3000756 03/02/2018 03/02/2018 Books
UBT Library © 2015-2024. All rights reserved University Education for Business and Technology